رفع المنارة لتخريج أحاديث التوسل والزيارة / (رقم التسجيلة. 179422)

تفاصيل مارك
000 -LEADER
fixed length control field 01095namaa2200289 i 4500
003 - CONTROL NUMBER IDENTIFIER
control field EG-GICUC
005 - DATE AND TIME OF LATEST TRANSACTION
control field 20260412131452.0
008 - FIXED-LENGTH DATA ELEMENTS--GENERAL INFORMATION
fixed length control field 260412s1997 xx ||||jr|||| 000 0 ara d
040 ## - CATALOGING SOURCE
Original cataloging agency EG-GiCUC
Language of cataloging ara
Transcribing agency EG-GiCUC
Modifying agency EG-GiCUC
Description conventions rda
082 04 - DEWEY DECIMAL CLASSIFICATION NUMBER
Edition number 21
Classification number 216.3
Item number M263 1997
092 04 - LOCALLY ASSIGNED DEWEY CALL NUMBER (OCLC)
Edition number 21
Classification number 216.3
Item number M263 1997
099 ## - LOCAL FREE-TEXT CALL NUMBER (OCLC)
Classification number 216.3 M263 1997
100 1# - MAIN ENTRY--PERSONAL NAME
Personal name ممدوح، محمود سعيد
Relator term مؤلف.
245 10 - TITLE STATEMENT
Title رفع المنارة لتخريج أحاديث التوسل والزيارة /
Statement of responsibility, etc. بقلم محمود سعيد ممدوح
250 ## - EDITION STATEMENT
Edition statement الطبعة الثانية
264 ## - PRODUCTION, PUBLICATION, DISTRIBUTION, MANUFACTURE, AND COPYRIGHT NOTICE
Place of production, publication, distribution, manufacture مكان النشر غير محدد :
Name of producer, publisher, distributor, manufacturer دار الامام الترمذى،
Date of production, publication, distribution, manufacture, or copyright notice 1997
300 ## - PHYSICAL DESCRIPTION
Extent 396 صفحة ؛
Dimensions 24 سم
336 ## - CONTENT TYPE
Source rdacontent
Content type term text
337 ## - MEDIA TYPE
Source rdamedia
Media type term Unmediated
338 ## - CARRIER TYPE
Source rdacarrier
Carrier type term volume
504 ## - BIBLIOGRAPHY, ETC. NOTE
Bibliography, etc. note يشتمل على ارجاعات ببليوجرافية.
541 ## - IMMEDIATE SOURCE OF ACQUISITION NOTE
Source of acquisition د. / جابر عصفور ؛
Address القاهرة ؛
Method of acquisition إهداء ؛
Date of acquisition 2024
650 17 - SUBJECT ADDED ENTRY--TOPICAL TERM
Topical term or geographic name entry element الحديث
General subdivision دفع مطاعن
Source of heading or term qrmak
651 1# - SUBJECT ADDED ENTRY--GEOGRAPHIC NAME
Source of heading or term qrmak
905 ## - Cataloger and Reviser Names
Cataloger Name Amira
942 ## - ADDED ENTRY ELEMENTS (KOHA)
Source of classification or shelving scheme Dewey Decimal Classification
Koha item type Books
Edition 21
Suppress in OPAC No
المقتنيات
Withdrawn status Lost status Source of classification or shelving scheme Damaged status Not for loan Home library Current library Date acquired Inventory number Total checkouts Full call number Barcode Date last seen Price effective from Koha item type
    Dewey Decimal Classification   Not for loan المكتبة المركزبة الجديدة - جامعة القاهرة قاعة المكتبات المهداة - الدور الرابع 12.04.2026 173291   216.3 M263 1997 J.U. 01000100173291000 12.04.2026 12.04.2026 Books
Cairo University Libraries Portal Implemented & Customized by: Eng. M. Mohamady Contacts: new-lib@cl.cu.edu.eg | cnul@cl.cu.edu.eg
CUCL logo CNUL logo
© All rights reserved — Cairo University Libraries
CUCL logo
Implemented & Customized by: Eng. M. Mohamady Contact: new-lib@cl.cu.edu.eg © All rights reserved — New Central Library
CNUL logo
Implemented & Customized by: Eng. M. Mohamady Contact: cnul@cl.cu.edu.eg © All rights reserved — Cairo National University Library